000 00927nam a2200313 a 4500
001 000113302
003 CHAP
005 20220329144348.0
008 170602s2014 mx a |r| ||1|||spa d
010 _a109763
011 _a110735
020 _a9786071511508
040 _cCHAP
082 0 4 _a616.96
_bB38 2014
100 1 _aBecerril Flores, Marco Antonio
_9132458
245 0 _aParasitología médica /
_cpor Marco Antonio Becerril Flores.
250 _a4 ed.
260 _aMéxico, D.F. :
_bMcGraw-Hill Interamericana Editores,
_c2014.
300 _axi, 437 p. :
_bil.
590 _aBATCH-UPD
_b05
_c20170602
_lUCH01
_h1330
590 _aE5765TAJ
_b05
_c20170602
_lUCH01
_h1329
590 _aE5765TAJ
_b05
_c20170602
_lUCH01
_h1438
650 1 4 _aEnfermedades parasitarias.
_9132459
650 1 4 _aParasitología médica.
_9132460
650 1 4 _aParasitología.
_985468
901 _aBK
942 _cLIBRO
942 _n0
999 _c109763
_d109763